Calculus of variations with application (Record no. 11040)

MARC details
000 -LEADER
fixed length control field 00448nam a2200169Ia 4500
008 - FIXED-LENGTH DATA ELEMENTS--GENERAL INFORMATION
fixed length control field 230917s9999||||xx |||||||||||||| ||und||
020 ## - ISBN
Price RS225
040 ## - CATALOGING SOURCE
-- 213756
Original cataloging agency VIVEKANANDA LIBRARY
041 ## - Language
-- English
082 ## - DDC NUMBER
Classification number 515.64 G959C
100 ## - MAIN ENTRY--PERSONAL NAME
Personal name Gupta, A S
245 #0 - TITLE STATEMENT
Title Calculus of variations with application
260 ## - PUBLICATION, DISTRIBUTION, ETC. (IMPRINT)
Place of publication, distribution, etc Delhi
Name of publisher, distributor, etc PHI Learning
Date of publication, distribution, etc 2013
300 ## - PHYSICAL DESCRIPTION
Pages ix, 242 p.
500 ## - GENERAL NOTE
General note 62 15/01/2014 5647 03/02/2014 Mathematics (NBHM)
942 ## - ADDED ENTRY ELEMENTS (KOHA)
Koha item type Books
Holdings
Withdrawn status Lost status Damaged status Not for loan Location (home branch) Sublocation or collection (holding branch) Date acquired Koha issues (times borrowed) Koha full call number Accession No. Koha date last seen Koha item type
        VIVEKANANDA LIBRARY VIVEKANANDA LIBRARY 07/03/2014   515.64 G959C 335701 17/09/2023 Books
        VIVEKANANDA LIBRARY VIVEKANANDA LIBRARY 07/03/2014   515.64 G959C 335702 17/09/2023 Books
        VIVEKANANDA LIBRARY VIVEKANANDA LIBRARY 07/03/2014   515.64 G959C 335703 17/09/2023 Books
        VIVEKANANDA LIBRARY VIVEKANANDA LIBRARY 07/03/2014   515.64 G959C 335704 17/09/2023 Books
        VIVEKANANDA LIBRARY VIVEKANANDA LIBRARY 07/03/2014   515.64 G959C 335705 17/09/2023 Books
        VIVEKANANDA LIBRARY VIVEKANANDA LIBRARY 07/03/2014 1 515.64 G959C 335706 06/03/2025 Books
        VIVEKANANDA LIBRARY VIVEKANANDA LIBRARY 07/03/2014   515.64 G959C 335707 17/09/2023 Books
        VIVEKANANDA LIBRARY VIVEKANANDA LIBRARY 07/03/2014   515.64 G959C 335708 17/09/2023 Books
        VIVEKANANDA LIBRARY VIVEKANANDA LIBRARY 07/03/2014   515.64 G959C 335709 17/09/2023 Books
        VIVEKANANDA LIBRARY VIVEKANANDA LIBRARY 07/03/2014   515.64 G959C 335710 17/09/2023 Books
© Designed and Maintained by Vivekananda Library, MDU Rohtak